| 000 | 00775nam a2200193Ia 4500 | ||
|---|---|---|---|
| 001 | 3813 | ||
| 003 | OSt | ||
| 005 | 20250224093539.0 | ||
| 008 | 241024s2013 dr a 001 0 spa d | ||
| 020 | _a978-9945-8859-2-7 | ||
| 040 |
_aCGID0026 _bspa _cCGID0026 _erda |
||
| 082 | _aRD/372.41/R426c/IDEICE/2013 | ||
| 100 | _aRepública Dominicana. Ministerio de Educación: Instituto Dominicano de Evaluación e Investigación de la Calidad Educativa (IDEICE), | ||
| 245 | 0 |
_aLas concepciones docentes sobre la lectoescritura y los factores de éxito o fracaso escolar _cInstituto Dominicano de Evaluación e Investigación de la Calidad Educativa (IDEICE), |
|
| 260 |
_aSanto Domingo : _bIDEICE _c2013 |
||
| 901 | _a8/9/2014 11:03:28 a.m. | ||
| 942 |
_2ddc _cLIB _n0 |
||
| 999 |
_c8692 _d8692 |
||